000 00680cam a22002293a 4500
001 32993
003 PGUSA
005 20140828083720.0
008 100627s2010||||xxu|||||s|||||000 1 eng d
040 _aPGUSA
_beng
042 _adc
050 4 _aPS
100 1 _aMadison, Lucy Foster,
_d1865-1932
245 1 2 _aA Daughter of the Union
_h[electronic resource] /
_cLucy Foster Madison
260 _bProject Gutenberg,
_c2010
506 _aPublic domain in the USA.
516 _aElectronic text
653 _aUnited States -- History -- Civil War, 1861-1865 -- Fiction
830 0 _aProject Gutenberg
_v32993
856 4 0 _uhttp://www.gutenberg.org/ebooks/32993
942 _cEB
999 _c262248
_d262248